Κατάλογος Βιβλιοθηκών Mediterranean College

Global Shift / The Internationalization of Economic Activity: Second Edition (Record no. 2630)

MARC details
000 -LEADER
fixed length control field 01342cam a22002054a 4500
005 - ΗΜΕΡΟΜΗΝΙΑ ΚΑΙ ΩΡΑ ΤΕΛΕΥΤΑΙΑΣ ΕΝΗΜΕΡΩΣΗΣ
Πεδίο ελέγχου 20250605164048.0
008 - FIXED-LENGTH DATA ELEMENTS--GENERAL INFORMATION
Πεδίο ελέγχου σταθερού μήκους 250528s ||||||||||||||||||||||||d
035 ## - SYSTEM CONTROL NUMBER
System control number 17196
020 ## - ISBN
ISBN 1853961426
040 ## - ΠΗΓΗ ΚΑΤΑΛΟΓΟΓΡΑΦΗΣΗΣ
Φορέας πρωτότυπης καταλογογράφησης MC Athens Campus Library
Γλώσσα καταλογογράφησης Ελληνικά, Μοντέρνα (1453-)
Modifying agency MC Athens Campus Library
Κανόνες περιγραφικής καταλογογράφησης AACR2
245 1# - ΤΙΤΛΟΣ ΚΑΙ ΔΗΛΩΣΗ ΥΠΕΥΘΥΝΟΤΗΤΑΣ
Τίτλος Global Shift / The Internationalization of Economic Activity: Second Edition
250 ## - EDITION STATEMENT
Edition statement 2nd
260 ## - PUBLICATION, DISTRIBUTION, ETC.
Name of publisher, distributor, etc. Paul Chapman Publishing,
Date of publication, distribution, etc. 1992
300 ## - PHYSICAL DESCRIPTION
Extent 496
520 ## - SUMMARY, ETC.
Summary, etc. Economic activities are becoming increasingly globalized - functionally integrated across national boundaries in ways which are dramatically altering the fortunes of countries and localities in the world economy. Acknowledgements, Introduction, Patterns of Global Shift, The Changing Global Map: Trends in Production and Trade, Processes of Global Shift, The Role of Technological Change, Global Organization and Reorganization of Economic Activity: Networks of Relationships, Global Shift: The Picture in Different Sectors, ''Wheels of Change'': The Automobile Industry, ''Chips and Screens'': The Electronics Industries, Stresses and Strains of Adjustment to Global Shift, Making a Living in the Global Economy: Problems of Adjusting to Global Shift, Epilogue: ''Through a Glass, Darkly'', Bibliography, Index.
700 1# - ΠΡΟΣΘΕΤΗ ΑΝΑΓΡΑΦΗ--ΦΥΣΙΚΟ ΠΡΟΣΩΠΟ
Personal name Dicken Peter
9 (RLIN) 3355
942 ## - ADDED ENTRY ELEMENTS (KOHA)
Koha item type Books
Holdings
Τύπος τεκμηρίου Βιβλιοθήκη Τρέχουσα τοποθεσία Barcode Αριθμός εισαγωγής Ημερομηνία απόκτησης Ταξιθετικό σύμβολο Αριθμός αντιτύπου Κατάσταση απόσυρσης Κατάσταση χαμένου Κατάσταση κατεστραμμένου Μη δανεισμός Σύνολο δανεισμών Ημερομηνία τελευταίας εμφάνισης Η τιμή ισχύει από
Books MC Athens Campus Library MC Athens Campus Library 9780000026293 8566 05/06/2025 338.09 DIC 1           05/06/2025 05/06/2025

MC Athens Campus Library
Πατησίων 94 & Κοδριγκτώνος 13, 104 34
Πελλήνης 8 & Πατησίων 107, 112 51
Τ: +30 210 8899600

MC Thessaloniki Campus Library
Ίωνος Δραγούμη 21, 54625 | Ίωνος Δραγούμη 15, 54625
Τ: +30 2310 287779 – Τ: +30 2314 440300